000 00902nam a22003017a 4500
001 BR9902056
003 BR-BrBNA
005 20230928100329.0
007 ta
008 230509b bl.||||| |||| 00| 0 por d
040 _aBR-BrBNA
_bpor
_cBiblioteca Nacional de Agricultura
041 _a(Por)
072 _aE14; E12
090 _ E14 BR9902056
100 1 _aBiehl, H.
110 1 _aCamara dos Deputados, Brasilia, DF (Brasil). Comissao de Agricultura e Politica Rural
_91316
245 1 _aProjeto: recuperacao da renda rural e do emprego na agricultura; agenda reemprego no campo
260 3 _aBrasilia, DF (Brasil):
_c1996.
300 _a66 p.
650 _aEmprego
650 _aRenda Familiar
650 _aAgricultura
650 _aProjeto Agricola
650 _aProjeto de Desenvolvimento
650 _aPolitica Agricola
909 _a202309
_bLucia
_c55
_dLucia Elande
942 _cBK
999 _c60951
_d60951